000 00453nam a2200169Ia 4500
001 6562
008 260622s9999 xx 000 0 und d
245 0 _aذاكرة الطّين/
_cتاليف: زهير صاحب
260 _aبغداد؛
_bدار و مكتبة عدنان؛
_c2013
300 _a154p;
_c29x25cm
546 _aArabic
648 _aAncient
650 _aCC1-960 Archaeology
650 _aPottery
_99408
651 _aIraq
942 _cBK
999 _c6562
_d6562